Turkic geographic names Qačï and Qači Sarāyï in Crimea

Elmentve itt :
Bibliográfiai részletek
Szerző: Abrahamowicz Zygmunt
Dokumentumtípus: Cikk
Megjelent: Polska Akademia Nauk, Oddział w Krakowie, Komisja Orientalistyczna Kraków 1965
Sorozat:Folia Orientalia 6
Kulcsszavak:Helynévkutatás - Krím, Földrajzi nevek - török - Krím-félsziget
Tárgyszavak:
Online Access:http://misc.bibl.u-szeged.hu/55128
LEADER 00866nab a2200229 i 4500
001 misc55128
005 20241009145823.0
008 200430s1965 hu o 000 eng d
022 |a 0015-5675 
040 |a SZTE Miscellanea Repozitórium  |b hun 
041 |a eng 
100 1 |a Abrahamowicz Zygmunt 
245 1 0 |a Turkic geographic names Qačï and Qači Sarāyï in Crimea  |h [elektronikus dokumentum] /  |c  Abrahamowicz Zygmunt 
260 |a Polska Akademia Nauk, Oddział w Krakowie, Komisja Orientalistyczna  |b Kraków  |c 1965 
300 |a 4 
300 |a 244-247 
490 0 |a Folia Orientalia  |v 6 
561 |a Németh Gyula hagyaték 
650 4 |a Bölcsészettudományok 
650 4 |a Nyelvek és irodalom 
695 |a Helynévkutatás - Krím, Földrajzi nevek - török - Krím-félsziget 
856 4 0 |u http://misc.bibl.u-szeged.hu/55128/1/013_noa_a14.pdf  |z Dokumentum-elérés